LEADER 01613nam 2200433 450 001 000003445 005 20070503173500.0 100 $a--------d1968----km-y0itay0103----ba 101 0 $agre 102 $aNL 200 1 $a<> Acharnians of Aristophanes$ewith intruduction english prose traslation, critical notes and commentary, with an appendix : an Aristotelian analysis of the comic, illustrated from Aristophane, Rabelais, Shakespeare and Molière$fby Starkie W.J.M. 200 1 $a1 $n0006962 210 $aAmsterdam$cHakkert$d1968 215 $aLXXXVIII, 271, 51 p.$d22 cm. 300 $aTesto orig. a fronte. 324 $aRipr. facs dell'ed. : 1909. 676 $a882.01 700 0$aAristophanes$0160835 702 1$aStarkie,$bW.J.M. 801 0$aIT$bUniversità della Basilicata - B.I.A.$gRICA$2unimarc 912 $a000003445 996 $aAcharnians of Aristophanes$972437 997 $aUNIBAS BAS $aMONLET BAS $aMONOGR BAS $aLETTERE CAT $aDONATELLI$b01$c19991019$lBAS01$h1147 CAT $aDILEO$b01$c19991019$lBAS01$h1214 CAT $c20000913$lBAS01$h1425 CAT $c20000920$lBAS01$h1831 CAT $c20001010$lBAS01$h1634 CAT $c20050601$lBAS01$h1753 CAT $abatch$b01$c20050718$lBAS01$h1048 CAT $c20050718$lBAS01$h1107 CAT $c20050718$lBAS01$h1137 CAT $c20050718$lBAS01$h1151 CAT $aBATCH$b00$c20070503$lBAS01$h1735 FMT Z30 -1$lBAS01$LBAS01$mBOOK$1BASA1$APolo Storico-Umanistico$2GEN$BCollezione generale$3FM/85452$9FM/85452$685452$5L85452$819991019$f02$FPrestabile Generale LEADER 05070nam 2200613 450 001 9910821406603321 005 20230808194105.0 010 $a0-19-024376-7 010 $a0-19-024375-9 035 $a(CKB)3710000000747406 035 $a(EBL)4704945 035 $a(SSID)ssj0001691426 035 $a(PQKBManifestationID)16538354 035 $a(PQKBTitleCode)TC0001691426 035 $a(PQKBWorkID)15064715 035 $a(PQKB)25078105 035 $a(Au-PeEL)EBL4704945 035 $a(CaPaEBR)ebr11274093 035 $a(OCoLC)953456342 035 $a(MiAaPQ)EBC4704945 035 $a(EXLCZ)993710000000747406 100 $a20161013h20162016 uy 0 101 0 $aeng 135 $aur|n|---||||| 181 $ctxt 182 $cc 183 $acr 200 10$aMax/MSP/Jitter for music $ea practical guide to developing interactive music systems for education and more /$fV. J. Manzo 205 $aSecond edition. 210 1$aOxford, [England] ;$aNew York, New York :$cOxford University Press,$d2016. 210 4$d©2016 215 $a1 online resource (432 p.) 300 $aDescription based upon print version of record. 311 $a0-19-024373-2 311 $a0-19-024374-0 320 $aIncludes bibliographical references. 327 $aCover ; Max/MSP/Jitter for Music: A Practical Guide to Developing Interactive Music Systems for Education and More; Copyright ; Contents; Foreword; Preface; Why Design Custom Software?; Technology in the Classroom; Book Design; Basic Troubleshooting; Acknowledgments; About the Companion Website; 1: Introduction to Programming ; Introduction to Max ; The Max Window ; Help Patchers ; Arguments ; Separating Items in a Message ; Numbers: Integers and Floating Points ; Aligning ; Commenting ; Inspector ; Key Commands ; New Objects Learned ; Remember ; Additional Tutorials ; On Your Own 327 $a2: Generating Music The RAT Patch ; MIDI (Musical Instrument Digital Interface) ; Synthesizing MIDI Numbers ; Adding Timing ; Slider Patch ; Rat Patch 2 ; MIDI Input ; Key Commands ; New Objects Learned ; Remember ; Additional Tutorials ; On Your Own ; 3: Math and Music ; Math in Max ; Forming Intervals ; Window Dressing ; Creating Chords ; Presentation Mode ; Further Customization ; Comments ; Key Commands ; New Objects Learned ; Remember ; Additional Tutorials ; Homework ; 4: Scales and Chords ; Scale Maker ; Chord Maker ; Order of Operations ; Setting Values ; New Objects Learned 327 $aRemember Additional Tutorials ; On Your Own ; 5: Interactive Ear Training ; Ear Trainer ; Further Customization ; New Objects Learned ; Remember ; On Your Own ; 6: Data Structures ; Adding External Objects ; Tonality in Max ; Filtering Chromatic Notes to Diatonic Notes ; Random Tonal Music ; Abstractions and Subpatchers ; Working with Pitch Classes ; Alternate Way ; Tables ; New Objects Learned ; Remember ; Additional Tutorials ; External Objects Database Concise Reference List ; On Your Own ; 7: Control Interfaces ; bpatchers ; MIDI Out bpatcher ; Saving Settings ; Control Interfaces 327 $aChords Storing Presets ; New Objects Learned ; Remember ; Additional Tutorials ; On Your Own ; 8: Control Interfaces Continued ; Arguments for Abstractions ; Using the Mouse ; Using Videogame Controllers ; New Objects Learned ; Remember ; Additional Tutorials ; On Your Own ; 9: Tools for Music Theory Concepts ; Chord Progressions ; Scale Analysis ; Mode Relationships ; Harmonic Direction ; Harmonization ; New Objects Learned ; Additional Tutorials ; On Your Own ; 10: Working with Time ; Sequencing ; Step Sequencers ; The Transport ; Overdrive ; Remember ; New Objects Learned 327 $aAdditional Tutorials On Your Own ; 11: Building Standalone Applications ; Preparing the Application ; Building the Application ; Icons ; Styles ; Permission and Cross-platform Building ; Remember ; New Objects Learned ; Additional Tutorials ; On Your Own ; 12: Introduction to Max for Live ; Overview ; Crash Course in Ableton Live ; Live Browser ; Max for Live ; Plug-Ins Device Browser ; Other Menus ; Places ; Adding Book Content ; Working in Live ; Arrangement View ; MIDI and Audio Tracks ; Max for Live ; Writing a MIDI Program ; Simple Math ; Additional Max Functions Controlling Live 327 $aInstallation for Foghorn 330 $aIn Max/MSP/Jitter for Music, author and music technologist V. J. Manzo provides a user-friendly introduction to a powerful programming language that can be used to write custom software for musical interaction. This second edition brings the book fully up-to-date with new applications in integrating Max with Ableton Live and offers source code for a variety of new projects. 606 $aComputer music$xInstruction and study 615 0$aComputer music$xInstruction and study. 676 $a781.3/45133 700 $aManzo$b V. J.$01593861 801 0$bMiAaPQ 801 1$bMiAaPQ 801 2$bMiAaPQ 906 $aBOOK 912 $a9910821406603321 996 $aMax$93931738 997 $aUNINA